Fortuna 1 Liga 2023/24 - Statystyki

Ogólne statystyki
  • Ten quiz został rozwiązany 835 razy
  • Średni wynik to 13 z 18
Statystyki odpowiedzi
Kluby 1 ligi % Poprawnych
Wisła Kraków
92%
Arka Gdynia
91%
Lechia Gdańsk
90%
Wisła Płock
82%
Polonia Warszawa
80%
GKS Katowice
78%
Motor Lublin
76%
Stal Rzeszów
73%
GKS Tychy
72%
Resovia Rzeszów
72%
Zagłębie Sosnowiec
72%
Bruk-Bet Termalica Nieciecza
71%
Miedź Legnica
69%
Znicz Pruszków
66%
Podbeskidzie Bielsko-Biała
65%
Odra Opole
64%
Górnik Łęczna
63%
Chrobry Głogów
57%
Nie znaleziono quizów pasujących do podanych kryteriów
Rozkład punktacji
Procent ludzi z każdym wynikiem
Percentyl według liczby udzielonych odpowiedzi
Twoja historia wyników
Nie rozwiązałeś tego quizu